| 000 | 00528cas a22001574i 4500 | ||
|---|---|---|---|
| 999 |
_c50569 _d50569 |
||
| 001 | 768714001 | ||
| 003 | CO-MdFUSB | ||
| 005 | 20180303110459.0 | ||
| 008 | 180303s1997 cr ||||| |||| 00| 0 spa d | ||
| 040 |
_aCO-MdFUSB _bspa _cCO-MdFUSB _dCO-MdFUSB |
||
| 041 | _aspa | ||
| 245 | 1 | 0 |
_aDios y la historia del pacto : _bel único Dios verdadero |
| 300 |
_a Volumen 4. Número 6 (1997), páginas 93-95 _c: 28 cm |
||
| 773 | 0 |
_tConquista Cristiana _049446 _960296 _g Volumen 4. Número 6 (1997), páginas 93-95 _qpágina 93 |
|
| 942 | _cANA | ||